| 000 | 00605nam a2200217Ii 4500 | ||
|---|---|---|---|
| 001 | 1358 | ||
| 003 | CO-ViMGA | ||
| 008 | 241108s9999||||xx |||||||||||||| ||und|| | ||
| 020 | _a8440699999 | ||
| 040 |
_aCO-ViMGA _bspa _erda _cCO-ViMGA |
||
| 041 | 0 | _aspa | |
| 082 | 0 | 4 | _a615.321 O29p |
| 100 | 1 |
_aPenelope Ody _951243 |
|
| 245 | 1 | 0 | _aLas plantas medicinales |
| 264 | 1 | _aMadrid, EspaƱa : Dorling Kindersley, 2001 | |
| 300 | _avolumen | ||
| 336 |
_atext _btxt _2rdacontent |
||
| 337 |
_aunmediated _bn _2rdamedia |
||
| 338 |
_avolume _bnc _2rdacarrier |
||
| 940 | _aidficha_siabuc: 1330. -- ficha_no_siabuc:1358 | ||
| 999 |
_c45953 _d45953 |
||